000
00248nam a2200121Ia 4500
100
_a
CIMI-DGET
942
_c
BK
245
_a
Tool & Die Maker IInd Year Practicals.
260
_b
CIMI
_a
Chennai
300
_a
141
546
_a
ENGLISH
999
_c
34360
_d
34360